| 000 | 00425nam a22001697a 4500 | ||
|---|---|---|---|
| 003 | CEME | ||
| 005 | 20210628210633.0 | ||
| 008 | 210210b xxu||||| |||| 00| 0 eng d | ||
| 020 | _a81-87336-76-5 | ||
| 040 | _c. | ||
| 082 | _a530 PAN | ||
| 245 | _aA textbook of mechanics | ||
| 250 | _aLal, R.N Pande, H.D Singh, S.N | ||
| 260 |
_aNEW DELHI _bDOMINANT PUBLISHERS _c2000 |
||
| 650 |
_aMECHANICS _910681 |
||
| 942 |
_cBK _2ddc |
||
| 999 |
_c585231 _d585231 |
||